Phong thủy nhà hàng, quán bar, phòng trà

সংরক্ষণ করুন:
গ্রন্থ-পঞ্জীর বিবরন
প্রধান লেখক: Xuân, Phú Hưng
অন্যান্য লেখক: Xuân Phú Hưng; Việt H
ভাষা:Undetermined
প্রকাশিত: Hà Nội Văn Hóa Thông Tin 2009
বিষয়গুলি:
ট্যাগগুলো: ট্যাগ যুক্ত করুন
কোনো ট্যাগ নেই, প্রথমজন হিসাবে ট্যাগ করুন!
Thư viện lưu trữ: Trung tâm Học liệu Trường Đại học Trà Vinh
LEADER 00700nam a2200241Ia 4500
001 TVU_2149
008 210423s9999 xx 000 0 und d
041 |a Vie 
082 |a 690.01 
082 |b H556 
100 |a Xuân, Phú Hưng 
245 0 |a Phong thủy nhà hàng, quán bar, phòng trà 
245 0 |c Xuân Phú Hưng, Việt Hà (biên soạn) 
260 |a Hà Nội 
260 |b Văn Hóa Thông Tin 
260 |c 2009 
300 |a 251 tr. 
300 |b minh họa 
300 |c 21 cm 
650 |a Phong thủy trong trang trí nội thất; Phong thủy 
700 |a Xuân Phú Hưng; Việt Hà  
700 |e biên soạn 
980 |a Trung tâm Học liệu Trường Đại học Trà Vinh